Fundamentos de optometría. Refracción ocular.

Uloženo v:
Podrobná bibliografie
Hlavní autor: Furlan, Walter D (autor)
Další autoři: García Monreal, Javier (autor), Muñoz Escrivá, Laura (autora)
Médium: Neznámo
Vydáno: Valencia, España: Universitat De València, 2009.
Vydání:2.ª edición.
Edice:Educació. Materials ;
Témata:
Tagy: Přidat tag
Žádné tagy, Buďte první, kdo vytvoří štítek k tomuto záznamu!

MARC

LEADER 00000 a2200000 4500
003 CL-VaPUC
005 20231211165747.0
008 231204t2009 ||||| |||| 00| 0 eng d
999 |c 442109  |d 442107 
020 |a 9788437073835 
040 |c Pontificia Universidad Católica de Valparaíso 
082 7 |2 22  |a 617.75 FUR 2009 
100 |a Furlan, Walter D  |9 492299  |e autor 
245 |a Fundamentos de optometría.  |b Refracción ocular.  
250 |a 2.ª edición.  
260 |a Valencia, España:   |b Universitat De València,  |c 2009. 
300 |a 272 páginas.  
490 |a Educació. Materials ;  |n  40. 
583 |k GC  |c 20231204 
650 0 |a Optometría  |9 407001 
650 0 |a Refracción ocular  |9 490692 
700 |a García Monreal, Javier  |9 490689  |e autor 
700 |a Muñoz Escrivá, Laura  |9 490690  |e autora 
942 |2 ddc  |c BK 
952 |0 0  |1 0  |2 ddc  |4 0  |6 617_750000000000000_FUR_2009  |7 0  |8 A  |9 592749  |a BIBCUR  |b BIBCUR  |c GEN  |d 2023-12-04  |e 3  |g 24938.00  |i 5659734  |l 1  |o 617.75 FUR 2009  |p 5659734  |r 2025-04-22  |s 2024-04-19  |t 1  |v 24938.00  |w 2023-12-04  |y BK  |k TEM